[Event "Space Cup"]
[Site "SchemingMind.com"]
[Date "2013.02.04"]
[Round "-"]
[White "SAMAEL"]
[Black "kenneth m day"]
[Result "0-1"]
[WhiteCountry "CAN"]
[BlackCountry "USA"]
[WhiteElo "1716"]
[WhiteRD "51"]
[BlackElo "1752"]
[BlackRD "52"]
[GameID "326145"]

1. Nf3 g6 2. e4 Bg7 3. Nc3 d6 4. Be2 c5 5. O-O a6 6. Re1 Nc6 7. h3 Nf6 8. d3 O-O 9. a3 b5 10. Bd2 Bb7
11. Nh2 Nd4 12. Bf1 Nd7 13. Rb1 Ne5 14. f4 Nd7 15. Nf3 e5 16. Nxd4 cxd4 17. Ne2 d5 18. exd5 Bxd5 19. fxe5 Bxe5 20. Bf4 Bg7
21. Qd2 Re8 22. Ng3 Rc8 23. Rbc1 Qh4 24. Rxe8+ Rxe8 25. Nh1 Qd8 26. Re1 Nf6 27. Rxe8+ Qxe8 28. Qe2 Qxe2 29. Bxe2 Ba2 30. Bd6 Bb1
31. Bd1 Nd5 32. Kf2 Bh6 33. Ng3 Be3+ 34. Ke2 Nf4+ 35. Bxf4 Bxf4 36. Nf1 Bc1 37. Nd2 Ba2 38. b3 Bxa3 39. Nf3 Bc5 40. Ne5 a5
41. Nd7 Bb4 42. Kf3 a4 43. Ke4 Bc3 44. Nc5 a3
0-1

[Event "Space Cup"]
[Site "SchemingMind.com"]
[Date "2013.02.04"]
[Round "-"]
[White "kenneth m day"]
[Black "SAMAEL"]
[Result "1/2-1/2"]
[WhiteCountry "USA"]
[BlackCountry "CAN"]
[WhiteElo "1770"]
[WhiteRD "51"]
[BlackElo "1713"]
[BlackRD "45"]
[GameID "326151"]

1. e4 e5 2. Nf3 Nc6 3. c3 d6 4. Bc4 h6 5. d4 exd4 6. cxd4 a6 7. O-O Bd7 8. Qb3 Qe7 9. Nc3 Na5 10. Qb4 Nxc4
11. Qxc4 Nf6 12. Qxc7 Bc6 13. Qxe7+ Bxe7 14. d5 Bd7 15. Be3 O-O 16. Rac1 Rac8 17. e5 dxe5 18. Nxe5 Bf5 19. Rfd1 Bd6 20. Bd4 Rfe8
21. Nf3 Ne4 22. Nxe4 Bxe4 23. Rxc8 Rxc8 24. Bc3 Rd8 25. Ne5 Bxe5 26. Bxe5 Rxd5 27. Rxd5=
1/2-1/2

[Event "Space Cup"]
[Site "SchemingMind.com"]
[Date "2013.02.03"]
[Round "-"]
[White "mochiron"]
[Black "ray winteringham"]
[Result "0-1"]
[WhiteCountry "JPN"]
[BlackCountry "ENG"]
[WhiteElo "1355"]
[WhiteRD "83"]
[BlackElo "1520"]
[BlackRD "52"]
[GameID "326294"]

1. f4 Nf6 2. Nf3 d6 3. e3 e6 4. Be2 Be7 5. O-O O-O 6. d4 c6 7. Nc3 Nbd7 8. e4 h6 9. f5 a6 10. h3 b5
11. fxe6 fxe6 12. Bxh6 gxh6 13. Nh2 Rf7 14. e5 Nh7 15. Rxf7 Kxf7 16. Bh5+ Kg8 17. Qg4+ Kh8 18. Rf1 Qg8 19. Bg6 Bg5 20. Bf7 Be3+
21. Rf2 Qxf7 22. Nf3 Bxf2+ 23. Kxf2 d5 24. Kg1 Nb6 25. Ne2 Bb7 26. h4 Nc4 27. h5 Rg8 28. Qh3 Nxb2 29. Nh4 Ng5 30. Ng6+ Rxg6
31. hxg6 Qxg6 32. Nf4 Nxh3+ 33. Kh2 Nxf4
0-1

[Event "Space Cup"]
[Site "SchemingMind.com"]
[Date "2013.02.01"]
[Round "-"]
[White "mmccaffe"]
[Black "mireluc"]
[Result "0-1"]
[WhiteCountry "USA"]
[BlackCountry "ESP"]
[WhiteElo "1626"]
[WhiteRD "65"]
[BlackElo "1583"]
[BlackRD "85"]
[GameID "326295"]

1. e4 e5 2. Nf3 Nc6 3. Bb5 h6 4. d3 a6 5. Ba4 b5 6. Bb3 a5 7. c3 b4 8. O-O d6 9. h3 Nf6 10. Be3 Be7
11. Nbd2 O-O 12. Nh2 Ba6 13. Bc2 d5 14. Nb3 dxe4 15. dxe4 Bxf1
0-1

[Event "Space Cup"]
[Site "SchemingMind.com"]
[Date "2013.02.06"]
[Round "-"]
[White "Phillip Beckett"]
[Black "Brian Acebo"]
[Result "0-1"]
[WhiteCountry "ENG"]
[BlackCountry "USA"]
[WhiteElo "1550"]
[WhiteRD "49"]
[BlackElo "1619"]
[BlackRD "99"]
[GameID "326296"]

1. e4 c5 2. Nf3 Nc6 3. d4 cxd4 4. Nxd4 d6 5. Nc3 a6 6. Be2 Nf6 7. Be3 g6 8. Qd2 Bg7 9. O-O O-O 10. Nxc6 bxc6
11. Bh6 Re8 12. Bxg7 Kxg7 13. f4 e6 14. Rad1 d5 15. e5 Nd7 16. g4 h6 17. f5 Nxe5 18. fxg6 fxg6 19. h3 Ra7 20. Ne4 Rf7
21. Rxf7+ Nxf7 22. Ng3 Re7 23. Qd4+ Kh7 24. c4 Qc7 25. cxd5 exd5 26. Bd3 Qxg3+ 27. Kh1 Qf3+
0-1

[Event "Space Cup"]
[Site "SchemingMind.com"]
[Date "2013.02.03"]
[Round "-"]
[White "ray winteringham"]
[Black "mochiron"]
[Result "1-0"]
[WhiteCountry "ENG"]
[BlackCountry "JPN"]
[WhiteElo "1520"]
[WhiteRD "52"]
[BlackElo "1355"]
[BlackRD "83"]
[GameID "326301"]

1. Nf3 c5 2. Nc3 Nc6 3. e3 d6 4. Bc4 e6 5. O-O Be7 6. d3 Nf6 7. h3 d5 8. Bb5 a6 9. Ba4 b5 10. Bb3 O-O
11. a3 d4 12. Ne2 c4 13. dxc4 bxc4 14. Bxc4 Bb7 15. Bd3 Bd6 16. exd4 e5 17. c3 exd4 18. Nexd4 Nxd4 19. Nxd4 Nd5 20. Qg4 Nf6
21. Qh4 Bc7 22. Bg5 h6 23. Bxf6 Qd6 24. f4 gxf6 25. Nf5 Qc5+ 26. Nd4 f5 27. Qxh6 f6 28. Bxf5 Qe7 29. Ne6 Bb6+ 30. Kh2 Rf7
31. Rfe1 Bd5 32. Ng5 Qc7 33. Nxf7 Qxf7 34. Be4 Bxe4 35. Rxe4 Ra7 36. Rae1 Qg7 37. Re8+ Kf7 38. Qh5+ Qg6 39. Qd5+
1-0

[Event "Space Cup"]
[Site "SchemingMind.com"]
[Date "2013.02.01"]
[Round "-"]
[White "mireluc"]
[Black "mmccaffe"]
[Result "1-0"]
[WhiteCountry "ESP"]
[BlackCountry "USA"]
[WhiteElo "1589"]
[WhiteRD "83"]
[BlackElo "1638"]
[BlackRD "65"]
[GameID "326302"]

1. e4 e6 2. f4 d5 3. exd5 exd5 4. Nf3 Bg4 5. h3 Be6 6. d4 c5 7. c3 Nc6 8. Bd3 cxd4 9. Nxd4 Nxd4 10. cxd4 Qh4+
11. Kf1 Bd6 12. Qf3 Ne7 13. g3 Qf6 14. Be3 O-O 15. Nc3 a6 16. Kg2 Rac8 17. g4 b5 18. g5
1-0

[Event "Space Cup"]
[Site "SchemingMind.com"]
[Date "2013.02.06"]
[Round "-"]
[White "Brian Acebo"]
[Black "Phillip Beckett"]
[Result "0-1"]
[WhiteCountry "USA"]
[BlackCountry "ENG"]
[WhiteElo "1619"]
[WhiteRD "99"]
[BlackElo "1550"]
[BlackRD "49"]
[GameID "326303"]

1. e4 e5 2. Nf3 Nc6 3. d4 exd4 4. Nxd4 Bc5 5. Nxc6 Qf6 6. Qe2 dxc6 7. a3 Ne7 8. Nc3 Bd7 9. g3 O-O 10. Bg2 Ng6
11. O-O Ne5 12. Bd2 Bg4 13. Qe1 Nf3+ 14. Bxf3 Bxf3 15. Be3 Qe6
0-1

[Event "Space Cup"]
[Site "SchemingMind.com"]
[Date "2013.02.05"]
[Round "-"]
[White "A.Swain"]
[Black "NimbleKnight"]
[Result "0-1"]
[WhiteCountry "ENG"]
[BlackCountry "USA"]
[WhiteElo "1243"]
[WhiteRD "61"]
[BlackElo "1864"]
[BlackRD "71"]
[GameID "326437"]

1. b3 e5 2. Bb2 Nc6 3. c3 d5 4. e3 Nf6 5. c4 d4 6. e4 a5 7. d3 Bb4+ 8. Nd2 O-O 9. a3 Bd6 10. g3 Qe7
11. h4 Be6 12. h5 Nd7 13. h6 g6 14. Qf3 f5 15. exf5 Rxf5 16. Qd1 Raf8 17. Ne4 Nc5 18. b4 Nxe4 19. dxe4 Rxf2 20. Ne2 axb4
21. Ra2 Bxc4 22. Kd2 Bxa2 23. Kc2 bxa3 24. Bxa3 Bxa3 25. Qa1 Qc5+ 26. Kd2 Bb4+ 27. Kd1 Bb3#
0-1

[Event "Space Cup"]
[Site "SchemingMind.com"]
[Date "2013.02.05"]
[Round "-"]
[White "NimbleKnight"]
[Black "A.Swain"]
[Result "1-0"]
[WhiteCountry "USA"]
[BlackCountry "ENG"]
[WhiteElo "1864"]
[WhiteRD "71"]
[BlackElo "1243"]
[BlackRD "61"]
[GameID "326439"]

1. e4 b6 2. d4 Bb7 3. Nc3 d6 4. Nf3 f6 5. Bc4 Ba6 6. Qe2 Nh6 7. Bxa6 Nc6 8. Bb5 Qd7 9. d5 Nd4 10. Bxd7+ Kxd7
11. Nxd4 e5 12. Ne6 Be7 13. Bxh6 gxh6 14. O-O-O Rag8 15. g3 c5 16. f4 exf4 17. gxf4 a5 18. Qb5+ Kc8 19. Qc6+ Kb8 20. Qxb6+ Ka8
21. Nc7#
1-0

[Event "Space Cup"]
[Site "SchemingMind.com"]
[Date "2013.02.05"]
[Round "-"]
[White "jdyi87"]
[Black "NAZRIZ1977"]
[Result "1-0"]
[WhiteCountry "KOR"]
[BlackCountry "WLS"]
[WhiteElo "1778"]
[WhiteRD "104"]
[BlackElo "1524"]
[BlackRD "73"]
[GameID "326503"]

1. d4 d6 2. c4 Nf6 3. Nc3 g6 4. e4 Bg7 5. h3 O-O 6. Bg5 h6 7. Be3 c5 8. d5 b5 9. cxb5 a6 10. a4 axb5
11. Bxb5
1-0

[Event "Space Cup"]
[Site "SchemingMind.com"]
[Date "2013.02.04"]
[Round "-"]
[White "murgu"]
[Black "muetoe"]
[Result "1-0"]
[WhiteCountry "ROU"]
[BlackCountry "GER"]
[WhiteElo "1759"]
[WhiteRD "104"]
[BlackElo "1890"]
[BlackRD "122"]
[GameID "326504"]

1. Nf3 Nf6 2. c4 g6 3. Nc3 Bg7 4. e4 d6 5. d4 O-O 6. Be2 e5 7. O-O Nc6 8. d5 Ne7 9. Ne1 Nd7 10. Nd3 f5
11. Bd2 fxe4 12. Nxe4 Nf6 13. Bf3 Nf5 14. Bc3 Nd4 15. Bxd4 Nxe4 16. Be3 Ng5 17. Bxg5 Qxg5 18. Be4 Bg4 19. f3 Qe3+ 20. Kh1 Bd7
21. Re1 Qd4 22. Qc2 Bh6 23. Rad1 Qb6 24. a4 Qa5 25. b3 Rae8 26. b4 Qxa4 27. Qc3 Bc8 28. b5 Qa2 29. Nb2
1-0

[Event "Space Cup"]
[Site "SchemingMind.com"]
[Date "2013.02.04"]
[Round "-"]
[White "muetoe"]
[Black "murgu"]
[Result "1-0"]
[WhiteCountry "GER"]
[BlackCountry "ROU"]
[WhiteElo "1890"]
[WhiteRD "122"]
[BlackElo "1759"]
[BlackRD "104"]
[GameID "326509"]

1. Nf3 c5 2. c4 Nf6 3. Nc3 e6 4. g3 b6 5. Bg2 Bb7 6. O-O Be7 7. Re1 d5 8. cxd5 exd5 9. d4 O-O 10. Bf4 Nbd7
11. dxc5 Nxc5 12. Rc1 Rc8 13. Bh3 Ne6 14. e3 Rc5 15. Qa4 a6 16. Be5 b5 17. Qd1 b4 18. Ne2 Rxc1 19. Nxc1 Nd7 20. Bd4 Nxd4
21. Nxd4 Nc5 22. Nd3 Nxd3 23. Qxd3 Bf6 24. Kg2 g6 25. Qd2 Qb6 26. Rc1 Re8 27. Bg4 Kg7 28. Bf3 a5 29. h4 h5 30. Nb3 Rd8
31. Kg1 a4 32. Nc5 Ba8 33. Nxa4 Qa5 34. b3 d4 35. Bxa8 Rxa8 36. exd4 Rd8 37. Rc5 Qa6 38. d5 Be7 39. Qd4+ Kg8 40. Rc7
1-0

[Event "Space Cup"]
[Site "SchemingMind.com"]
[Date "2013.04.08"]
[Round "-"]
[White "kenneth m day"]
[Black "Phillip Beckett"]
[Result "1/2-1/2"]
[WhiteCountry "USA"]
[BlackCountry "ENG"]
[WhiteElo "1720"]
[WhiteRD "53"]
[BlackElo "1562"]
[BlackRD "48"]
[GameID "329883"]

1. e4 e5 2. Nf3 Nc6 3. c3 Nf6 4. d4 exd4 5. e5 Ng8 6. Bc4 d5 7. exd6 Bxd6 8. Bg5 Nge7 9. cxd4 h6 10. Bh4 Bg4
11. h3 Bxf3 12. Qxf3 O-O 13. Nc3 Qd7 14. O-O Ng6 15. Bg3 Bxg3 16. Qxg3 Kh7 17. d5 Nce5 18. Bb3 c6 19. dxc6 Nxc6 20. Rad1 Qf5
21. Rd2 Rad8 22. Rfd1 Rxd2 23. Rxd2 Rd8 24. Bc2 Qf6 25. Re2 Nd4 26. Bxg6+ fxg6 27. Re1 Nf5 28. Qf3 Qf7 29. g4 Nd6 30. Qxf7 Nxf7
31. Nb5 a6 32. Nc3 Rd2 33. Re2 Rxe2 34. Nxe2=
1/2-1/2

[Event "Space Cup"]
[Site "SchemingMind.com"]
[Date "2013.04.09"]
[Round "-"]
[White "Phillip Beckett"]
[Black "kenneth m day"]
[Result "0-1"]
[WhiteCountry "ENG"]
[BlackCountry "USA"]
[WhiteElo "1562"]
[WhiteRD "48"]
[BlackElo "1720"]
[BlackRD "53"]
[GameID "329885"]

1. e4 c5 2. Nf3 g6 3. d4 cxd4 4. Nxd4 Nc6 5. Nc3 Bg7 6. Be3 Nf6 7. f3 O-O 8. Qd2 d6 9. O-O-O d5 10. Nxc6 bxc6
11. exd5 Nxd5 12. Nxd5 cxd5 13. Bd4 e5 14. Bc5 Re8 15. Qxd5 Qg5+ 16. Kb1 Be6 17. Qd2 Qf6 18. Bb4 Rab8 19. Bc3 Rec8 20. Bd3 Qe7
21. f4 Qa3 22. fxe5 Qxa2+ 23. Kc1 Qa1#
0-1

[Event "Space Cup"]
[Site "SchemingMind.com"]
[Date "2013.04.24"]
[Round "-"]
[White "Olli Ylönen"]
[Black "mireluc"]
[Result "0-1"]
[WhiteCountry "FIN"]
[BlackCountry "ESP"]
[WhiteElo "1847"]
[WhiteRD "58"]
[BlackElo "1645"]
[BlackRD "89"]
[GameID "330554"]

1. e4 e5 2. Nf3 Nc6 3. d4 exd4 4. Nxd4 Bc5 5. Be3 Qf6 6. c3 Nge7 7. Bc4 O-O 8. O-O d6 9. Nxc6 Nxc6 10. Bxc5 dxc5
11. f4 Be6 12. Bb5 Na5 13. Qa4 b6 14. Nd2 a6 15. Be2 Rfd8 16. Qc2 Bd7 17. Rad1 Bb5 18. Bxb5 axb5 19. a4 Nc4 20. axb5 Ne3
21. Qc1 Nxd1 22. Qxd1 Ra5 23. Qe2 Ra2 24. Nb1 h6 25. f5 Re8 26. Qc2 Ra5 27. Na3 Qh4 28. Nc4 Ra7 29. Nd2 c4 30. g3 Qg4
31. Kg2 Qe2+ 32. Rf2 Qd3 33. Rf3 Qxc2
0-1

[Event "Space Cup"]
[Site "SchemingMind.com"]
[Date "2013.04.24"]
[Round "-"]
[White "mireluc"]
[Black "Olli Ylönen"]
[Result "0-1"]
[WhiteCountry "ESP"]
[BlackCountry "FIN"]
[WhiteElo "1620"]
[WhiteRD "95"]
[BlackElo "1862"]
[BlackRD "61"]
[GameID "330559"]

1. e4 c5 2. f4 Nc6 3. Nf3 g6 4. Bd3 Bg7 5. c3 Nf6 6. Qc2 O-O 7. f5 d6 8. fxg6 hxg6 9. Bc4 a6 10. Ng5 d5
11. exd5 Nxd5 12. O-O b5 13. Bd3 Ne5 14. Be4 f5 15. Bxd5+ Qxd5 16. Nh3 Nd3 17. Nf4 Nxf4 18. Rxf4 Bb7 19. Rf2 c4 20. b3 cxb3
21. Qxb3 e5 22. Re2 Kh7 23. Ba3 Qxb3 24. axb3 Rh8 25. d3 e4 26. dxe4 Bxe4 27. Bb4 Bxb1 28. Rxb1 a5 29. Be7 Bxc3 30. Bg5 Ra7
31. Re3 Bd4 32. h3 Re8 33. Re1 Bxe3+ 34. Bxe3 Rae7 35. Kf2 a4 36. bxa4 bxa4 37. g4 Rxe3
0-1

[Event "Space Cup"]
[Site "SchemingMind.com"]
[Date "2013.04.28"]
[Round "-"]
[White "ray winteringham"]
[Black "NimbleKnight"]
[Result "0-1"]
[WhiteCountry "ENG"]
[BlackCountry "USA"]
[WhiteElo "1539"]
[WhiteRD "50"]
[BlackElo "1841"]
[BlackRD "78"]
[GameID "331002"]

1. e4 e6 2. d4 d5 3. Bd3 dxe4 4. Bxe4 Nf6 5. Bf3 c5 6. Ne2 Nc6 7. Bxc6+ bxc6 8. O-O Ba6 9. c3 cxd4 10. cxd4 Bxe2
11. Qxe2 Qxd4 12. Nc3 Rd8 13. Be3 Qd7 14. h3 Be7 15. Rfd1 Qb7 16. Rd2 O-O 17. a3 Rxd2 18. Qxd2 Rd8 19. Qc2 Nd5 20. Nxd5 cxd5
21. f3 Rc8 22. Qf2 a6 23. Qe1 Qxb2 24. a4 h6 25. Rb1 Qa3 26. Qg3 Qxe3+
0-1

[Event "Space Cup"]
[Site "SchemingMind.com"]
[Date "2013.04.28"]
[Round "-"]
[White "NimbleKnight"]
[Black "ray winteringham"]
[Result "1-0"]
[WhiteCountry "USA"]
[BlackCountry "ENG"]
[WhiteElo "1892"]
[WhiteRD "70"]
[BlackElo "1526"]
[BlackRD "49"]
[GameID "331006"]

1. e4 c5 2. Nf3 Nc6 3. d4 Nf6 4. e5 Nd5 5. c4 Nc7 6. d5 Nb4 7. a3 Nba6 8. Bd3 d6 9. exd6 exd6 10. O-O Be7
11. Re1 O-O 12. Bf4 h6 13. Nc3 Bg4 14. h3 Bh5 15. Qc2 Bxf3 16. gxf3 Nb8 17. Re2 Nd7 18. Rae1 Bg5 19. Bxd6 Ne5 20. Bxe5 Qd7
21. Bh7+ Kh8 22. Bf5 Qd8 23. Ne4 f6 24. Bxc7 Qxc7 25. Nxg5 fxg5 26. Re7 Qf4 27. Bg4 b6 28. R1e4 Qf6 29. Qe2 g6 30. R4e6 Qd4
31. Rxg6 Qf4 32. Rxh6+
1-0

[Event "Space Cup"]
[Site "SchemingMind.com"]
[Date "2013.05.10"]
[Round "-"]
[White "murgu"]
[Black "jdyi87"]
[Result "0-1"]
[WhiteCountry "ROU"]
[BlackCountry "KOR"]
[WhiteElo "1653"]
[WhiteRD "85"]
[BlackElo "1764"]
[BlackRD "96"]
[GameID "331494"]

1. Nf3 Nf6 2. c4 g6 3. Nc3 Bg7 4. e4 d6 5. d4 O-O 6. Be2 e5 7. O-O Nc6 8. d5 Ne7 9. b4 Nh5 10. Re1 f5
11. Ng5 Nf6 12. Bf3 c6 13. Be3 h6 14. Ne6 Bxe6
0-1

[Event "Space Cup"]
[Site "SchemingMind.com"]
[Date "2013.05.07"]
[Round "-"]
[White "jdyi87"]
[Black "murgu"]
[Result "1-0"]
[WhiteCountry "KOR"]
[BlackCountry "ROU"]
[WhiteElo "1764"]
[WhiteRD "96"]
[BlackElo "1653"]
[BlackRD "85"]
[GameID "331497"]

1. d4 Nf6 2. c4 e6 3. Nc3 Bb4 4. e3 O-O 5. Ne2 d5 6. a3 Be7 7. cxd5 exd5 8. Nf4 c6 9. Bd3 Re8 10. O-O Nbd7
11. f3 Nf8 12. Bc2 Ne6 13. e4
1-0

[Event "Space Cup"]
[Site "SchemingMind.com"]
[Date "2013.06.25"]
[Round "-"]
[White "jdyi87"]
[Black "kenneth m day"]
[Result "0-1"]
[WhiteCountry "KOR"]
[BlackCountry "USA"]
[WhiteElo "1674"]
[WhiteRD "100"]
[BlackElo "1758"]
[BlackRD "53"]
[GameID "333694"]

1. d4 Nf6 2. c4 e6 3. Nc3 Bb4 4. e3 b6 5. Ne2 Ba6 6. Ng3 c5 7. d5 exd5 8. cxd5 Bxf1 9. Kxf1 O-O 10. e4 Re8
11. f3 d6 12. Nf5 Bxc3 13. bxc3 Qc7 14. Bf4 Rd8 15. Qd2 g6 16. Bg5 Nbd7 17. Nh6+ Kf8 18. Qf4 Kg7 19. Ng4 Nh5 20. Bh6+ Kg8
21. Qd2 Re8 22. Kf2 Qd8 23. Bg5 f6 24. Bh4 Rf8
0-1

[Event "Space Cup"]
[Site "SchemingMind.com"]
[Date "2013.06.25"]
[Round "-"]
[White "kenneth m day"]
[Black "jdyi87"]
[Result "1-0"]
[WhiteCountry "USA"]
[BlackCountry "KOR"]
[WhiteElo "1771"]
[WhiteRD "54"]
[BlackElo "1716"]
[BlackRD "103"]
[GameID "333698"]

1. e4 c5 2. d4 cxd4 3. c3 dxc3 4. Nxc3 Nc6 5. Nf3 d6 6. Bc4 e6 7. O-O Nf6 8. Qe2 a6 9. Rd1 Qc7 10. Bf4 Be7
11. Rac1 O-O 12. h3 Bd7 13. Rc2 Ne5 14. Bb3 Qb8 15. Rdc1 Rc8 16. Na4 b5 17. Rxc8+ Bxc8 18. Nc3
1-0

[Event "Space Cup"]
[Site "SchemingMind.com"]
[Date "2013.08.22"]
[Round "-"]
[White "NimbleKnight"]
[Black "Olli Ylönen"]
[Result "0-1"]
[WhiteCountry "USA"]
[BlackCountry "FIN"]
[WhiteElo "1854"]
[WhiteRD "70"]
[BlackElo "1844"]
[BlackRD "58"]
[GameID "337003"]

1. e4 c6 2. d4 d5 3. Nc3 dxe4 4. Nxe4 Bf5 5. Ng3 Bg6 6. Nf3 Nd7 7. Bd3 e6 8. O-O Ngf6 9. Re1 Be7 10. c4 O-O
11. Bxg6 hxg6
0-1

[Event "Space Cup"]
[Site "SchemingMind.com"]
[Date "2013.08.22"]
[Round "-"]
[White "Olli Ylönen"]
[Black "NimbleKnight"]
[Result "0-1"]
[WhiteCountry "FIN"]
[BlackCountry "USA"]
[WhiteElo "1844"]
[WhiteRD "58"]
[BlackElo "1854"]
[BlackRD "70"]
[GameID "337004"]

1. e4 e6 2. d4 d5 3. Nc3 Bb4 4. e5 c5 5. a3 Bxc3+ 6. bxc3 Ne7 7. Qg4 O-O 8. Bd3 Nbc6 9. Qh5 Ng6 10. Nf3 Qc7
11. Be3 c4 12. Bxg6 fxg6 13. Qg4 Qf7 14. Ng5 Qe8 15. h4 Ne7 16. Qe2 Nf5 17. g4 Nxe3 18. Qxe3 Bd7 19. f4 Qe7 20. h5 Be8
21. Qh3 gxh5 22. gxh5 Bd7 23. a4 Rxf4 24. O-O-O Raf8 25. Rhg1 h6
0-1

[Event "Space Cup"]
[Site "SchemingMind.com"]
[Date "2013.11.27"]
[Round "-"]
[White "kenneth m day"]
[Black "Olli Ylönen"]
[Result "0-1"]
[WhiteCountry "USA"]
[BlackCountry "FIN"]
[WhiteElo "1769"]
[WhiteRD "48"]
[BlackElo "1852"]
[BlackRD "69"]
[GameID "342378"]

1. e4 c6 2. c4 d5 3. cxd5 cxd5 4. exd5 Nf6 5. d4 Nxd5 6. Nc3 Nc6 7. Bb5 Nxc3 8. bxc3 Qd5 9. Bxc6+ Qxc6 10. Qf3 Bd7
11. Ne2 Qxf3 12. gxf3 Bc6 13. Ba3 Bxf3 14. Rg1 Bxe2 15. Kxe2 e6 16. Bxf8 Kxf8 17. Rab1 b6 18. c4 g6 19. Ke3 Ke7 20. Kf4 Rac8
21. Rbc1 Rhd8 22. Rgd1 h6 23. a4 Rd7 24. Rc2 Rcd8 25. Rcd2 f6 26. Ke3 g5 27. d5 exd5 28. Rxd5 Rxd5 29. cxd5 f5 30. f4 Kd6
31. fxg5 hxg5 32. Kd4 Re8 33. Kc4 a6 34. Rd4 Re4 35. Rxe4 fxe4 36. Kd4 e3 37. Kxe3 Kxd5 38. Kd3 g4 39. Ke3 b5 40. axb5 axb5
41. Kd3 b4 42. Kc2 Ke4 43. Kb3 Kf3 44. Kxb4 Kg2
0-1

[Event "Space Cup"]
[Site "SchemingMind.com"]
[Date "2013.11.27"]
[Round "-"]
[White "Olli Ylönen"]
[Black "kenneth m day"]
[Result "1/2-1/2"]
[WhiteCountry "FIN"]
[BlackCountry "USA"]
[WhiteElo "1832"]
[WhiteRD "67"]
[BlackElo "1767"]
[BlackRD "48"]
[GameID "342384"]

1. d4 d5 2. c4 c6 3. Nf3 Nf6 4. Nc3 e6 5. Bg5 Be7 6. e3 O-O 7. Qc2 Nbd7 8. Rd1 b6 9. Bd3 dxc4 10. Bxc4 h6
11. Bh4 Re8 12. O-O Bb7 13. a4 Rc8 14. b3 Nf8 15. h3 Ng6 16. Bg3 Bd6 17. Bxd6 Qxd6 18. Ne4 Nxe4 19. Qxe4 Rc7 20. Qg4 c5
21. dxc5 Qxc5 22. Qg3 Rcc8 23. h4 Qh5 24. Bd3 Bxf3 25. Bxg6 Qxg6 26. Qxf3 Re7 27. h5 Qc2 28. e4 Qc7 29. g4 Qe5 30. Rd3 Rec7
31. Rfd1 Rc3 32. Rd8+ Rxd8 33. Rxd8+ Kh7 34. Rd3 Rxd3 35. Qxd3 Qa1+=
1/2-1/2